| 000 | nam a22 a 4500 | ||
|---|---|---|---|
| 999 |
_c59267 _d59267 |
||
| 003 | BLK | ||
| 005 | 20221006135934.0 | ||
| 008 | 180408b bul|||||r ||||||| ||bul|| | ||
| 040 | _aBLK | ||
| 041 |
_aBUL _cBUL |
||
| 080 |
_aДиференциални, интегрални и др. функционални уравнения. Крайни разлики. Вариационно смятане. Функционален анализ _b517.9 _x(035) _z517.9(035) |
||
| 100 | 1 |
_aЛюстерник, Лазар Аронович _eпърви автор _990350 |
|
| 139 |
_aЛюстерник, Лазар Аронович и др. _bЛ 95 |
||
| 245 | 1 | 0 |
_aЕлементи на функционалния анализ _bРъководство _cЛазар А. Люстерник, Владимир И. Соболев; прев. от рус. Иван Димовски; науч. ред. Михаил Борисов Гаврилов. |
| 257 | _aSUN | ||
| 260 |
_aСофия _bТехника _c1975 |
||
| 300 |
_a531 с. _c21 см |
||
| 380 | _a5 | ||
| 500 | _aОриг. загл. Элементы функционального анализа. - Библиогр. с. 520-521. - Предметен показалец | ||
| 650 | 4 |
_aФункционален анализ _9176235 |
|
| 653 | _aфункционален анализ | ||
| 653 | _aматематически анализ | ||
| 700 | 1 |
_aСоболев, Владимир Иванович _eсъавт. _9288849 |
|
| 700 | 1 |
_aДимовски, Иван Христов _eпрев. от рус. _9365104 |
|
| 700 | 1 |
_aГаврилов, Михаил Борисов _eнауч. ред. _9369746 |
|
| 852 |
_aЦб 78360 _bЦб |
||
| 942 |
_cKNG _n0 _s1 |
||
| 944 |
_aCR _c13.06.2004 _kЧиталня |
||
| 944 |
_aED _c2022-10-06 _kСТ |
||
| 999 | _d59267 | ||